Petunjuk Prestasi Utama Kementerian Sumber Asli dan Alam Sekitar 2011/2012
| Corporate Author: | |
|---|---|
| Format: | Book |
| Published: |
Putrajaya :
NRE ,
2012
|
| Subjects: |
MARC
| LEADER | 00000cam a2200000 7i4500 | ||
|---|---|---|---|
| 001 | 0000004032 | ||
| 005 | 20150108.0 | ||
| 090 | 0 | 0 | |a 378.9595 |b KPI 2012 |
| 245 | 0 | 4 | |a Petunjuk Prestasi Utama Kementerian Sumber Asli dan Alam Sekitar 2011/2012 |c Kementerian Sumber Asli dan Alam Sekitar (NRE) |
| 260 | 0 | 0 | |a Putrajaya : |b NRE , |c 2012 |
| 300 | |a 142 p. : |b ill. ; |c 29 cm. | ||
| 650 | 0 | 0 | |a Key performance index---Malaysia |
| 710 | 1 | 1 | |a NRE |
| 998 | |a JPSM | ||
| 999 | |a 007792 |b Monograph |c Open Shelf |e Default branch | ||